| 000 | 00766nam a2200253 a 4500 | ||
|---|---|---|---|
| 001 | 003 | ||
| 003 | DO-SdBPM | ||
| 005 | 20241129120539.0 | ||
| 007 | 003 | ||
| 008 | 111019s2011 p 000 f spa d | ||
| 020 | _a9786124103117 | ||
| 040 |
_aDO-SdBPM _bspa _cBPMSU |
||
| 082 | 4 |
_a813.3 _bP743n 2011 _222 |
|
| 100 | 1 |
_aPoe, Edgar Allan, _d1809-1849 |
|
| 245 | 1 | 0 |
_aNarraciones extraordinarias / _cEdgar Allan Poe |
| 260 |
_aLima, Perú : _bEditoral Educativa: _c2011 _b |
||
| 300 |
_a103 p. : _bil. ; _c19 cm. |
||
| 500 | _aIncluye datos biográficos del autor en la p. [4] | ||
| 590 | _aInvetariado, 2024/VM | ||
| 650 | 4 | _aCuentos estadounidenses | |
| 650 | 4 | _aLiteratura estadounidense | |
| 910 | _aVMateo V. /Validado. Control de calidad MMOLIN | ||
| 942 |
_2ddc _cBK |
||
| 999 |
_c8256 _d8256 |
||